| 000 | 00844cam a2200241 a 4500 | ||
|---|---|---|---|
| 001 | 000001311 | ||
| 005 | 20200929145534.0 | ||
| 008 | 810509s1949 sp ac 000 0 spa | ||
| 040 |
_aDO-SdBNP _bspa _cBNPHU |
||
| 082 |
_a759.06 _bC578m |
||
| 100 | 1 |
_aCirici Pellicer, Alexandre, _d1914-1983. _94431 |
|
| 245 | 1 | 0 |
_aMiró y la imaginación / _cAlexandre Cirici Pellicer. |
| 260 |
_aBarcelona, : _bOmega, _c1949. |
||
| 300 |
_a41 p. : _bil., retrs. ; _c24 cm. |
||
| 490 | 1 | _aPoliedro | |
| 504 | _aCon seis ilustraciones en color y sesenta en negro. | ||
| 504 | _aIncluye referencias bibliográficas y notas al pie de las páginas. | ||
| 600 | 1 | 4 |
_aMIRÓ, JOAN, _d1893-1983. _xCRÍTICA E INTERPRETACIÓN _94432 |
| 650 | 4 |
_aPintura moderna _ySIGLO XX _94433 |
|
| 650 | 4 |
_aSurrealismo _94434 |
|
| 650 | 4 |
_aDadaismo _94435 |
|
| 830 | 0 |
_aPoliedro. _94436 |
|
| 999 |
_c1248 _d1248 |
||